000 00514nam a2200181Ia 4500
003 OSt
005 20200211153231.0
008 190216s9999||||xx |||||||||||||| ||und||
040 _coclc
082 _a954.03
_bTHA/A
100 _aThangal, M I
_91921
245 0 _aAathmeeyathayude Agninalangal /
_c M I Thangal
250 _a1st ed.
260 _bOlive Publications,
_c2010.
_aKozhikode:
300 _a113p
650 _aIslamic History
942 _cBK
_2ddc
_h954.03
_iTHA/A
_k954.03
_mTHA/A
999 _c23090
_d23090